000
00364nam a2200145Ia 4500
008
231129s2002||||xx |||||||||||||| ||spa||
020
_a
84-08-04328-5
040
_b
spa
082
_a
863 G146i
100
_a
Gala Antonio
245
0
_a
Los invitados al jardín
260
_c
2002
264
_a
Planeta
942
_2
ddc
_c
BKS
999
_c
19774
_d
19774